00992cam a22002651a 450000100100000000500170001000800410002703500190006804000310008708200240011810000440014224500730018625000110025926000350027030000210030549000530032650000330037965000280041265000420044083000630048291000330054504900090057895201220058799900170070900001974320200929170125.0780915s1968 sp 001 f spa  a(OCoLC)4227990 aDO-SdBNPcInLPdDLCdBNPHU a863.62bF363h, 19681 aFernández-Flórez, Wenceslao.94220313aEl hombre que compro un automovil /cWenceslao Fernández Flórez. a6a ed. aMadrid :bEspasa-Calpe,c1968. a160 p. ;c18 cm.0 aAustral. Azul: novelas y cuentos en generalv325 aIncluye índice de autores. 4aNovela española91123 4aLiteratura españolaySIGLO XX93326 0aAustral ;pAzul : novelas y cuentos generales.v325942204 aCatalogación derivada / LC aBNGR 001050718MOaGRbGRcCTd2010-07-05iLF1l0o863.62 F363h, 1968p19743-10r2020-06-25w2020-06-25y1ZNo se presta c19257d19257